Amazing Child Saylee/ (Record no. 216515)

MARC details
000 -LEADER
fixed length control field 00617nam a22002057a 4500
005 - DATE AND TIME OF LATEST TRANSACTION
control field 20260604162547.0
010 ## - LCCN (DPL NO)
LC control number ENG-148765
020 ## - INTERNATIONAL STANDARD BOOK NUMBER
International Standard Book Number 9789393757548
Terms of availability 325.00
035 ## - SYSTEM CONTROL NUMBER
System control number EN-132297
037 ## - SOURCE OF ACQUISITION
Source of stock number/acquisition DBAD
082 ## - DEWEY DECIMAL CLASSIFICATION NUMBER
Classification number S
100 ## - MAIN ENTRY--PERSONAL NAME
Personal name Agavane, Manisha
245 ## - TITLE STATEMENT
Title Amazing Child Saylee/
Statement of responsibility, etc Manisha Agavane
250 ## - EDITION STATEMENT
Edition statement 1
260 ## - PUBLICATION, DISTRIBUTION, ETC. (IMPRINT)
Name of publisher, distributor, etc Vishwakarma Publications
Date of publication, distribution, etc 2024
Place of publication, distribution, etc Maharashtra
270 ## - ADDRESS
Address 34A/1, Suyog Center, 7th floor, Gultekedi Marketyard Road, Giridhar Bhavan Chowk,
Postal code 411037
City Pune
Electronic mail address info@vpindia.co.in
300 ## - PHYSICAL DESCRIPTION
Extent 205p.
Dimensions 22cm (pb)
942 ## - ADDED ENTRY ELEMENTS (KOHA)
Source of classification or shelving scheme Dewey Decimal Classification
Item type English Books
Classification part S
Call number suffix AGA
Holdings
Withdrawn status Lost status Not for loan Collection code Home library Current library Date acquired Source of acquisition Cost, normal purchase price Full call number Barcode Copy number Cost, replacement price Koha item type
      Non-fiction R.K.Puram-8 R.K.Puram-8 04/06/2026 Delivery of Books Act Division 325.00 S AGA EN-132297 1 325.00 English Books

© Delhi Public Library
Hit Counter
free hit counter